<?xml version="1.0" encoding="UTF-8"?><?xml-stylesheet type="text/xsl" href="static/style.xsl"?><OAI-PMH xmlns="http://www.openarchives.org/OAI/2.0/" xmlns:xsi="http://www.w3.org/2001/XMLSchema-instance" xsi:schemaLocation="http://www.openarchives.org/OAI/2.0/ http://www.openarchives.org/OAI/2.0/OAI-PMH.xsd"><responseDate>2026-04-13T15:21:42Z</responseDate><request verb="GetRecord" identifier="oai:www.recercat.cat:2072/416673" metadataPrefix="marc">https://recercat.cat/oai/request</request><GetRecord><record><header><identifier>oai:recercat.cat:2072/416673</identifier><datestamp>2025-04-27T02:19:33Z</datestamp><setSpec>com_2072_98</setSpec><setSpec>col_2072_378192</setSpec></header><metadata><record xmlns="http://www.loc.gov/MARC21/slim" xmlns:dcterms="http://purl.org/dc/terms/" xmlns:xsi="http://www.w3.org/2001/XMLSchema-instance" xmlns:doc="http://www.lyncode.com/xoai" xsi:schemaLocation="http://www.loc.gov/MARC21/slim http://www.loc.gov/standards/marcxml/schema/MARC21slim.xsd">
   <leader>00925njm 22002777a 4500</leader>
   <datafield ind2=" " ind1=" " tag="042">
      <subfield code="a">dc</subfield>
   </datafield>
   <datafield ind2=" " ind1=" " tag="720">
      <subfield code="a">Maestripieri, Lara</subfield>
      <subfield code="e">author</subfield>
   </datafield>
   <datafield ind2=" " ind1=" " tag="260">
      <subfield code="c">2013</subfield>
   </datafield>
   <datafield ind2=" " ind1=" " tag="520">
      <subfield code="a">L'Italia costituisce un ambiente scarsamente favorevole per l'integrazione delle donne nel mercato del lavoro per il carattere familistico del suo sistema di welfare. Tuttavia, Bologna rappresenta da sempre un'eccezione per il tasso comparabile con gli standard europei di partecipazione femminile al lavoro e da più parti, la diversità bolognese viene spiegata con l'efficienza del sistema di welfare locale. Nel presente paper, saranno presentate le caratteristiche salienti del sistema di welfare locale bolognese a confronto con il resto del paese, in particolar modo facendo riferimento agli ambiti di cura prescolare e di supporto alla cura a lungo termine degli anziani non auto-sufficienti. Scopo di quest'analisi è offrire una valutazione complessiva in ottica di genere sul ruolo che queste politiche sociali sono in grado di svolgere nel supportare le donne al lavoro, valutando i principali punti di forza e debolezza del sistema di welfare a livello locale. La ricerca è stata condotta nell'ambito del progetto FLOWS (www.flows-eu.eu) finanziato dal settimo programma quadro.</subfield>
   </datafield>
   <datafield tag="653" ind2=" " ind1=" ">
      <subfield code="a">Local welfare system</subfield>
   </datafield>
   <datafield tag="653" ind2=" " ind1=" ">
      <subfield code="a">Gender</subfield>
   </datafield>
   <datafield tag="653" ind2=" " ind1=" ">
      <subfield code="a">Elderly care</subfield>
   </datafield>
   <datafield tag="653" ind2=" " ind1=" ">
      <subfield code="a">Childcare</subfield>
   </datafield>
   <datafield ind2="0" ind1="0" tag="245">
      <subfield code="a">Impact of local welfare systems on female labour force participation and social cohesion. The case of Bologna</subfield>
   </datafield>
</record></metadata></record></GetRecord></OAI-PMH>